Význam spoločenskej zodpovednosti podnikov

Salvato in:
Dettagli Bibliografici
Autore principale: Nimrichterová, Jana
Natura: Capitolo di libro
Lingua:slovacco
Tags: Aggiungi Tag
Nessun Tag, puoi essere il primo ad aggiungerne!!

MARC

LEADER 00000naa$a2200000$$$4500
001 0133799
005 20240614121910.1
041 0 |a slo 
044 |a SK 
245 1 0 |a Význam spoločenskej zodpovednosti podnikov  |c Jana Nimrichterová 
100 1 |a Nimrichterová, Jana